Michael C. Hall Filmography - Statistics

General Stats
  • This quiz has been taken 23 times
    11 since last reset
  • The average score is 22 of 67
Answer Stats
Type Year Name % Correct
TV Show 2006-2013 Dexter
100%
Video Game 2009 Dexter the Game
100%
TV Mini-Series 2021-2022 Dexter: New Blood
56%
TV Show 2001-2005 Six Feet Under
56%
Theater 1993, 1999-2000 Cabaret
44%
Web Series 2024-Present Dexter: Original Sin
44%
Web Series 2025 Dexter: Resurrection
44%
TV Show 2015-2019 Star vs. the Forces of Evil
44%
Film 2016 After Adderall
33%
TV Show 1999 As the World Turns
33%
Documentary 2024 Behind the Lines
33%
TV Film 2004 Bereft
33%
Theater 2002 Chicago
33%
Film 2016 Christine
33%
Film 2014 Cold in July
33%
Web Series 2011 CollegeHumor Originals
33%
Theater 1998 Corpus Christi
33%
Theater 1998 Cymbeline
33%
Web Series 2009-2012 Dexter: Early Cuts
33%
TV Show 2019 Documentary Now!
33%
Film 2018 Game Night
33%
Film 2009 Gamer
33%
Theater 2014-2015 Hedwig and the Angry Inch
33%
Theater 1996 Henry V
33%
Short Film 2009 How to Spoon with Michael C. Hall
33%
Film 2019 In the Shadow of the Moon
33%
Film 2021 John and the Hole
33%
Film 2015 Justice League: Gods and Monsters
33%
Web Series 2015 Justice League: Gods and Monsters Chronicles
33%
Film 2013 Kill Your Darlings
33%
Theater 2015-2016, 2016-2017 Lazarus
33%
Theater 1998 Macbeth
33%
Film 2017 Mark Felt: The Man Who Brought Down the White House
33%
Theater 2005-2006 Mr. Marmalade
33%
TV Documentary 2006 Mysteries of the Freemasons
33%
Film 2003 Paycheck
33%
Film 2011 Peep World
33%
Theater 2004 R Shomon
33%
TV Show 2012 Ruth & Erica
33%
Web Mini-Series 2018 Safe
33%
Theater 2019 Skittles Commercial: The Broadway Musical
33%
Theater 1996 Skylight
33%
Film 2025 Talisker: Vol. 1
33%
TV Show 2017 The Crown
33%
Web Series 2020 The Defeated
33%
Documentary 2025 The Gettysburg Address
33%
Podcast 2023 The Hacker Chronicles
33%
Theater 2014 The Realistic Joneses
33%
Film 2019 The Report
33%
Short Film 2013 The River
33%
Film 2012 The Trouble with Bliss
33%
Theater 2018 Thom Pain (based on nothing)
33%
Theater 1996 Timon of Athens
33%
Documentary Mini-Series 2011 Vietnam in HD
33%
Documentary Series 2011 America in Primetime
22%
Commercial 2009, 2012 Dodge
22%
Short Documentary 2016 Extreme Weather
22%
Commercial 2013 Leukemia & Lymphoma Society
22%
Documentary Series 2020 NOVA
22%
Film 2002 Showboy
22%
TV Documentary 2014 Stem Cell Universe with Stephen Hawking
22%
Theater 2018 Gnit
11%
Theater 1992 Gypsy
11%
Theater 1999 Hurry! Hurry! Hollywood!
11%
Theater 1991 Inherit the Wind
11%
Theater 1999 The English Teachers
11%
Theater 1999 Wise Guys
11%
No matching quizzes found
Score Distribution
Percent of People with Each Score
Percentile by Number Answered
Your Score History
You have not taken this quiz since the last reset